000 00262nam a2200109 a 4500
005 20140414131916.0
008 101019s19uu xx 00 eng d
050 _aER
_bB11 1997
245 _aBambi.
260 _aNew York :
_bGolden book,
_c1997.
999 _c111505
_d111505